| 000 | 00609nam a22001937a 4500 | ||
|---|---|---|---|
| 005 | 20250614123748.0 | ||
| 008 | 240706b ||||| |||| 00| 0 eng d | ||
| 040 | _cAL | ||
| 041 | _aEnglish | ||
| 082 |
_223 _a378.05 _bKAPC |
||
| 100 |
_aDolly Kapoor Ed _9215060 |
||
| 245 | _aChronicling A ajourney: Beginnings mentors and momentous milestones | ||
| 260 |
_aDelhi _bJesus and Mary College _c2019 |
||
| 300 |
_a173 p. _bHB _c30x22 cm. |
||
| 650 |
_aIn Commemoration of the Golden Jubilee 1968-2018 _9172787 |
||
| 700 |
_aKAPOOR (Dolly) Ed _9172788 |
||
| 700 |
_aANDREW (Sona V) _9172789 |
||
| 942 |
_2ddc _cDB |
||
| 999 |
_c231403 _d231403 |
||